Pays les plus proches de Belize - Mort subite - Statistiques

Statistiques générales
  • Ce quiz a été pris 48 fois
  • Le résultat moyen est 6 sur 15
Answers on the Grid
Answers color-coded by a green-red scale on the quiz's grid according to % correct below.
Guatemala
Mexique
Honduras
El Salvador
Nicaragua
Cuba
Costa Rica
Colombie
États-Unis
Panama
Jamaïque
Bahamas
Haïti
Équateur
République dominicaine
Canada
Guyane
Suriname
Pérou
Brésil
Bolivie
Paraguay
Uruguay
Chili
Sainte-Lucie
Dominique
Antigua-et-Barbuda
Mauritanie
Kiribati
Australie
 
Statistiques - réponses
Réponse % Correct
Costa Rica
67%
Bahamas
56%
Cuba
56%
Guatemala
56%
États-Unis
44%
Haïti
44%
Honduras
44%
Jamaïque
44%
Mexique
44%
Panama
44%
Colombie
33%
El Salvador
33%
Nicaragua
33%
République dominicaine
22%
Équateur
11%
Aucun quiz correspondant
Distribution des résultats
% des personnes avec chaque résultat
Percentile par nombre de réponses
Votre historique - résultats
Vous n’avez pas pris ce quiz